000 01109cam a22003377a 4500
003 CHAP
005 20220817041259.0
008 971013s1970 r 00010 d
010 _a10194
011 _a11166
035 _a10404
040 _cCHAP
090 _aFolleto 679
100 0 0 _aCaballero Deloya, Miguel.
_916549
245 1 3 _aLa frecuencia de los daños al bosque
_b: áreas de coníferas en Zacatecas, Sinaloa y Jalisco
260 _aMéxico :
_bDirección Genral del Investario Nacional Forestal,
_c1970
300 _a28 p.
_b: ilus. ; mapas
490 0 _aPublicación
590 _aBATCH-UPD
_b10
_c20130110
_lUCH01
_h1330
590 _aBATCH-UPD
_b10
_c20130410
_lUCH01
_h0836
590 _aBATCH-UPD
_b10
_c20130914
_lUCH01
_h0708
590 _aCONVERSION
_b10
_c20130109
_lUCH01
_h1307
650 1 4 _aÁrboles
_xDanos por el fuego.
_96588
650 1 4 _aÁrboles
_xEnfermedades.
_982436
650 1 4 _aÁrboles
_xPlagas.
_982440
650 1 4 _aBosques
_xProtección.
_914369
830 0 _aPublicación
901 _aBK
942 _cFOLL
949 _aFolleto 679
_bBC
_cFOLL
_d-21963
_eTS1
_i10404
_si
999 _c10194
_d10194